书目信息 |
| 题名: |
驻极体
|
|
| 作者: | 夏钟福 著 | |
| 分册: | ||
| 出版信息: | 北京 科学出版社 2001 |
|
| 页数: | 606页 | |
| 开本: | 20cm | |
| 丛书名: | 应用物理学丛书 | |
| 单 册: | ||
| 中图分类: | TM278 | |
| 科图分类: | ||
| 主题词: | 磁性材料 , 铁氧体 | |
| 电子资源: | ||
| ISBN: | 7-03-009511-1 | |
| 000 | 00690nam0 2200241 45 | |
| 001 | 0306170918 | |
| 005 | 20031219104111.2 | |
| 010 | @a7-03-009511-1@dCNY48.00 | |
| 100 | @a20030617d2001 km y0chiy0120 ea | |
| 101 | 0 | @achi |
| 105 | @a z 000yy | |
| 200 | 1 | @a驻极体@AZhu Ji Ti@f夏钟福著@FXia Zhong Fu Zhu |
| 210 | @a北京@c科学出版社@d2001 | |
| 215 | @a606页@d20cm | |
| 225 | @a应用物理学丛书@f吴自勤,杨国桢主编 | |
| 410 | @12001 @a应用物理学丛书 | |
| 410 | @1700 0@a杨国桢@AYang Guo Zhen@4主编@a吴自勤@AWu Zi Qin@4主编 | |
| 606 | 0 | @a磁性材料 |
| 606 | 0 | @a铁氧体 |
| 690 | @aTM278@v4 | |
| 701 | 0 | @a夏钟福@4著 |
| 801 | @aCN@bTSTC@c20030617 | |
| 905 | @b324303-307@dTM278@e11@f5 | |
| 驻极体/夏钟福著.-北京:科学出版社,2001 |
| 606页;20cm.-(应用物理学丛书/吴自勤,杨国桢主编) |
| ISBN 7-03-009511-1:CNY48.00 |
| ● |
| 相关链接 |
|
|
|
|
正题名:驻极体
索取号:TM278/11
 
预约/预借
| 序号 | 登录号 | 条形码 | 馆藏地/架位号 | 状态 | 备注 |
| 1 | 0324303 | 203243034 | 第三借阅区/ [索取号:TM278/11] | 在馆 | |
| 2 | 0324304 | 203243043 | 第三借阅区/ [索取号:TM278/11] | 在馆 | |
| 3 | 0324305 | 203243052 | 第三借阅区/ [索取号:TM278/11] | 在馆 | |
| 4 | 0324306 | 203243061 | 第三借阅区/ [索取号:TM278/11] | 在馆 | |
| 5 | 0324307 | 203243070 | 第二样本阅览室/ [索取号:TM278/11] | 在馆 |